Extremely Hard General Knowledge #44 - Statistics

General Stats
  • This quiz has been taken 367 times
  • The average score is 4 of 20
Answer Stats
Hint Answer % Correct
In the Bible, who was thrown into the lion's den? Daniel
56%
Zimbabwe has the most official languages, but how many does it have? 16
51%
Fanny's First House (1911),Pygmalion (1911) and Heartbreak House (1917) are all works by which Irish playwright? George Bernard Shaw
44%
Which city became the official capital city of Burundi in January 2019? Gitega
40%
What year was the Church of England formed when it separated from the Catholic church? 1534
29%
Who was the lead singer of the English rock band The Clash from their formation in 1976 to their breakup in 1986? Joe Strummer
28%
In 1973, who became the first and only team to win the Super Bowl with a perfect season after they went 14-0 in the 1972 season? Miami Dolphins
24%
Which American artist painted American Gothic in 1930? Grant Wood
23%
Which UK National Park an area of hilly open moorland in Somerset and Devon? Exmoor
22%
Who has been nominated for the Best Leading Actress Oscar three time for An Officer and a Gentleman (1982), Terms of Endearment (1983) and Shadowlands (1993)? Debra Winger
19%
Which Democratic politician was Mayor of New York from 2022 to 2025? Eric Adams
19%
The Very Hungry Caterpillar was published in 1969 by which American author? Eric Carle
18%
Who became the Emperor of Japan in 2019 following the abdication of his father Akihito? Naruhito
16%
Which Blue Peter presenter, who presented for over 12 years from 1965-1978, is the longest running presenter? John Noakes
9%
In Formula One, who was the Ferrari Team Principal from 2019 to 2022? Mattia Binotto
8%
There are two major rivers that run through Philadelphia, one is the Delaware River, what is the second? {Schuylkill} River
5%
Which North American stew, consisting traditionally primarily of sweetcorn, is a common Thanksgiving side dish in New England? Succotash
5%
Who became the Queen of Denmark after the death of her father Frederick IX in 1972, up until her abdication in 2024? Margrethe II
4%
What was the name of the album by Arlo Parks that won the 2021 Mercury Prize? Collapsed in Sunbeams
1%
Which road tunnel in Norway is over 15 miles long making it the longest tunnel you can drive through? {Lærdal} tunnel
1%
No matching quizzes found
Score Distribution
Percent of People with Each Score
Percentile by Number Answered
Your Score History
You have not taken this quiz